Nonverbal communication in human interaction. 2nd ed. (Record no. 78829)
[ view plain ]
| 000 -LEADER | |
|---|---|
| fixed length control field | 00808nam a2200193 a 4500 |
| 008 - FIXED-LENGTH DATA ELEMENTS--GENERAL INFORMATION | |
| fixed length control field | 120416s1978 ||||||||||||||||| || u |
| 020 ## - INTERNATIONAL STANDARD BOOK NUMBER | |
| International Standard Book Number | 0030899621 |
| 050 ## - LIBRARY OF CONGRESS CALL NUMBER | |
| Classification number | BF 637.C45 KNA |
| 100 ## - MAIN ENTRY--PERSONAL NAME | |
| Personal name | Knapp, Mark L |
| 245 10 - TITLE STATEMENT | |
| Title | Nonverbal communication in human interaction. 2nd ed. |
| 250 ## - EDITION STATEMENT | |
| Edition statement | 2nd ed. |
| 260 ## - PUBLICATION, DISTRIBUTION, ETC. | |
| Place of publication, distribution, etc. | New York |
| Name of publisher, distributor, etc. | Rinehart and Winston |
| Date of publication, distribution, etc. | 1978 |
| 300 ## - PHYSICAL DESCRIPTION | |
| Extent | vii, 439p. : ill. |
| 350 ## - | |
| -- | 0.00 |
| 650 ## - SUBJECT ADDED ENTRY--TOPICAL TERM | |
| Topical term or geographic name entry element | NONVERBAL COMMUNICATION (PSYCHOLOGY) |
| 650 ## - SUBJECT ADDED ENTRY--TOPICAL TERM | |
| Topical term or geographic name entry element | COMMUNICATION |
| 995 ## - | |
| -- | BINDERY (DAMAGED) |
| -- | 0.00 |
| -- | 716942 |
| -- | CBU-MAIN LIBRARY (Kitwe) |
| -- | 1 |
| -- | 21.50 |
| -- | BF 637.C45 Kna |
| -- | 1 |
| -- | DAMAGED |
| -- | 716942 |
| -- | Main Library Open Access Collection |
| 995 ## - | |
| -- | BINDERY (DAMAGED) |
| -- | 0.00 |
| -- | 722822 |
| -- | CBU-MAIN LIBRARY (Kitwe) |
| -- | 1 |
| -- | 0.00 |
| -- | BF 637.C45 KNA |
| -- | 2 |
| -- | DAMAGED |
| -- | Jul 23, 2009 |
| -- | 000598 |
| -- | Main Library Open Access Collection |
| 999 ## - | |
| -- | 78829 |
| -- | 78829 |
| Withdrawn status | Lost status | Source of classification or shelving scheme | Damaged status | Not for loan | Permanent Location | Current Location | Shelving location | Date acquired | Total Checkouts | Full call number | Barcode | Date last seen | Copy number | Price effective from | Koha item type |
|---|---|---|---|---|---|---|---|---|---|---|---|---|---|---|---|
| CBU-MAIN LIBRARY, KITWE. | CBU-MAIN LIBRARY, KITWE. | 06/06/2023 | BF 637.C45 KNA | 716942 | 06/06/2023 | 1 | 06/06/2023 | MONOGRAPH | |||||||
| CBU-MAIN LIBRARY, KITWE. | CBU-MAIN LIBRARY, KITWE. | 06/06/2023 | BF 637.C45 KNA | 000598 | 06/06/2023 | 2 | 06/06/2023 | MONOGRAPH |